| 000 | 00576pam a2200205 i 4500 | ||
|---|---|---|---|
| 001 | 847674 | ||
| 005 | 20250118134037.0 | ||
| 008 | 790115s1979 nyuaf b 001 0 eng | ||
| 020 |
_a0385134975 : _c$12.95 |
||
| 050 | 0 | 0 |
_aR131 _b.L42 |
| 082 | 0 | 0 | _a610/.9 |
| 100 | 1 |
_aLehrer, Steven, _d1944- |
|
| 245 | 1 | 0 |
_aExplorers of the body / _cSteven Lehrer. |
| 250 | _a1st ed. | ||
| 260 |
_aGarden City, N.Y. : _bDoubleday, _c1979. |
||
| 300 |
_aix, 463 p., [4] leaves of plates : _bill. ; _c22 cm. |
||
| 500 | _aIncludes index. | ||
| 650 | 0 |
_aMedicine _xHistory. |
|
| 942 |
_2lcc _cBK _n0 |
||
| 999 |
_c2667 _d2667 |
||